000 00726nam a2200265Ia 4500
001 Z_3570
003 CHAP
005 20221018181423.0
007 ta
008 220113s1968 mx 000 0 spa d
010 _a166656
040 _cCHAP
090 _aR-39
100 1 _aBrown, Robert Hanold
_915691
245 1 3 _aEl indice de area foliar en el crecimiento de la pastura /
_cpor R. H. Brown y R. E. Blaser
260 _aChapingo, Méx. :
_c1968
300 _a30 hojas
500 _aReimpreso de: Herbage abstracts (1968) vol. 38 (1) : 1-9
650 1 _aForrajes
_xCrecimiento
_9126769
650 1 _aPastura
_xCrecimiento
_9140770
901 _aR-39
902 _aA
910 _a1968
942 _cREIMP
_2local
999 _c166656
_d166656